[Event "ITT Homenaje Maestros Predecesore"]
[Site "Asuncion PAR"]
[Date "2012.01.11"]
[Round "3.2"]
[White "Villalba,M"]
[Black "Latorre,Man"]
[Result "1/2-1/2"]
[WhiteElo "2199"]
[BlackElo "2299"]

1.e4 e6 2.d4 d5 3.Nd2 a6 4.Bd3 c5 5.dxc5 Bxc5 6.Ngf3 Nc6 7.O-O Nge7 8.c3 O-O
9.Qe2 Ng6 10.Nb3 Ba7 11.Bg5 Qd6 12.Rad1 Nf4 13.Bxf4 Qxf4 14.exd5 exd5 15.Qd2 Qf6
16.Qg5 Qxg5 17.Nxg5 h6 18.Nf3 Bg4 19.Be2 Rfe8 20.Rfe1 Rad8 21.Kf1 Bb6 22.Rd2 Kf8
23.Red1 Be6 24.Nbd4 Bc8 25.Nc2 Ne7 26.Nb4 Be6 27.Nd4 Bc7 28.Bf3 Rd6 29.Ndc2 Red8
30.Ne3 Bb6 31.Ke1 a5 32.Nbxd5 Nxd5 33.Nxd5 Bc5 34.Ne3 b5 35.Rxd6 Bxd6 36.Bd5 Bc8
37.Bc6 b4 38.Nc4 Bc7 39.Rxd8+ Bxd8 40.cxb4 axb4 41.Kd2 Be6 42.Kd3 Bxc4+ 43.Kxc4 Be7
44.Kb3 Bc5 45.Kc4 Bd6 46.h3 Ke7 47.Kd5 f6 48.Bb5 Be5 49.a3 b3 50.a4 Kd8 51.Bc4 Bxb2
52.Bxb3 Bc3 53.Ke6 Ke8 54.f4 Bd2 55.f5 h5 56.h4 Be1 57.Kd6 Kd8 58.Be6 Bd2
59.Kc6 Be1 60.Kb7 Ke7 61.Bb3 Kd6 62.Bd1 Ke5 63.Bc2 Kd6 64.Bd3 Bd2 65.Be2 Ke5
66.Bxh5 Kxf5 67.Bd1 Ke6 68.Bc2 Kd6 69.Kb6 Be3+ 70.Kb5 Kc7 71.Ka6 Kb8 72.Be4 Bd2
73.Kb6 Be3+ 74.Kc6 Bf2 75.h5 Ka7 76.Bd3 Be3 77.Kd6 Kb6 78.Ke6 Ka5 79.Bb5 Bd2
80.Kf7 Bh6 81.Kg6 Kb6 82.Be2 Ka5 83.g4 Kxa4 84.Bd3 Ka5  1/2-1/2

[Event "37th Seville Open"]
[Site "Seville ESP"]
[Date "2012.01.12"]
[Round "6"]
[White "Cornette,M"]
[Black "Van der Weide,K"]
[Result "0-1"]
[WhiteElo "2545"]
[BlackElo "2445"]

1.e4 e6 2.d4 d5 3.Nd2 Nc6 4.Ngf3 Nf6 5.e5 Nd7 6.Bd3 f6 7.Ng5 Ndxe5 8.dxe5 fxg5
9.Qh5+ g6 10.Bxg6+ Kd7 11.c4 Nxe5 12.Bc2 Qf6 13.O-O Bd6 14.b4 b6 15.Bb2 Ba6
16.f4 Nf3+ 17.Nxf3 Qxb2 18.Qf7+ Kc8 19.Bb3 dxc4 20.Rab1 Qc3 21.Qxe6+ Kb8
22.Ba4 Bxf4 23.Rfe1 Bc8 24.Qe4 Qd3 25.Qc6 a5 26.Rbd1 Qc3 27.Qe4 Bb7 28.Bc6 Bxc6
29.Qxc6 axb4 30.Re7 Rc8 31.g3 Ra3 32.Rf1 Rxa2 33.Rfe1 Qc2 34.R7e2 Be3+ 35.Kf1 Qd3
36.Ne5 Rf8+  0-1

[Event "5th Gora Swietej Anny"]
[Site "Gora Swietej Anny POL"]
[Date "2012.01.14"]
[Round "4.14"]
[White "Bebel,Agnieszka"]
[Black "Kopica,Paulina"]
[Result "0-1"]
[WhiteElo "1390"]
[BlackElo "1638"]

1.e4 e6 2.d4 d5 3.Nd2 a6 4.Ngf3 c5 5.c3 Nc6 6.e5 cxd4 7.cxd4 Qb6 8.Nb3 Bd7
9.Bd3 Bb4+ 10.Bd2 Nge7 11.O-O O-O 12.Rc1 Rac8 13.Qe2 Bxd2 14.Qxd2 Na7 15.Nc5 Bb5
16.Bxb5 Qxb5 17.a4 Qc6 18.Qb4 b6 19.Nd3 Qb7 20.Nf4 Nac6 21.Qb3 Nf5 22.Qd3 Rc7
23.Rc3 Rfc8 24.g4 Nfe7 25.Rfc1 Nb4 26.Qb1 b5 27.Ng5 g6 28.axb5 axb5 29.h4 h6
30.Nf3 Kg7 31.Rxc7 Rxc7 32.Rc3 Rc4 33.Qa1 Nec6 34.Ne2 Qa7 35.Qd1 Qb6 36.Nd2 Rxc3
37.bxc3 Na6 38.Qb3 Na5 39.Qa3 Nc4 40.Qa2 Nb8 41.Nc1 Nc6 42.Ncb3 Qd8 43.Nf3 b4
44.cxb4 Nxb4 45.Qa4 Qb6 46.Nc5 Qa5 47.Qxa5 Nxa5 48.Kf1 Nc4 49.Ke2 Kf8 50.Nd2 Nc2
51.Ncb3 Ke7 52.Kd1 N2a3 53.Kc1 Kd7 54.Na1 Kc6 55.Nc2 Kb5 56.Nb1 Nxb1 57.Kxb1 Nd2+
58.Kc1 Nf3 59.h5 gxh5 60.gxh5 Kc4 61.Kd1 Nxd4 62.Ne3+ Kd3 63.Ng4 Nf5 64.Ke1 Ke4
65.Ke2 Kf4 66.f3 Ng3+ 67.Kf2 Nxh5 68.Nxh6 Kxe5 69.Nxf7+ Kf4 70.Nd6 e5 71.Ke2 Ng3+
72.Kf2 Nf5 73.Nb7 Nd4 74.Nc5 Nxf3 75.Ne6+ Kf5 76.Ng7+ Ke4 77.Ne6 d4 78.Nc5+ Kd5
79.Nd3 e4 80.Nf4+ Kc4 81.Ke2 d3+ 82.Nxd3 exd3+ 83.Kd1 Kc3 84.Kc1 d2+ 85.Kd1 Ne5  0-1

[Event "4NCL 2011-12"]
[Site "Hinckley ENG"]
[Date "2012.01.14"]
[Round "3.14"]
[White "Emms,J"]
[Black "Anderton,D"]
[Result "1-0"]
[WhiteElo "2484"]
[BlackElo "2221"]

1.e4 e6 2.d4 d5 3.Nd2 Nc6 4.Ngf3 Nf6 5.e5 Nd7 6.Bd3 Nb4 7.Be2 c5 8.c3 Nc6
9.O-O cxd4 10.cxd4 f6 11.exf6 Qxf6 12.Nb3 Bd6 13.Bg5 Qf7 14.Bh4 h6 15.Bg3 Be7
16.Bb5 O-O 17.Rc1 Ndb8 18.Nc5 Bxc5 19.Rxc5 Bd7 20.Re1 Rc8 21.Qb3 Be8 22.Ne5 Qe7
23.Qe3 Nd7 24.Nxc6 bxc6 25.Rxc6 Nf8 26.Bd6 Qb7 27.Rxc8 Rxc8 28.Bd3 Bf7 29.b3 Nd7
30.h3 Qb6 31.Bf4 Qa5 32.Rc1 Qd8 33.Rxc8 Qxc8 34.Qg3 Kh8 35.Qh4 Qf8 36.Bb5 Nb6
37.Be5 Kg8 38.Qg3 Nc8 39.Qc3 Qd8 40.Qc5 g6 41.a4 Kh7 42.a5  1-0

[Event "TCh-SVK Extraliga 2011-12"]
[Site "Slovakia SVK"]
[Date "2012.01.14"]
[Round "5"]
[White "Vovk,A"]
[Black "Tibensky,R"]
[Result "1-0"]
[WhiteElo "2551"]
[BlackElo "2410"]

1.e4 e6 2.d4 d5 3.Nd2 a6 4.Ngf3 c5 5.dxc5 Bxc5 6.Bd3 Ne7 7.O-O Nbc6 8.c3 O-O
9.Re1 Ba7 10.Nb3 Ng6 11.Be3 dxe4 12.Bxe4 Qc7 13.Ng5 h6 14.Bxa7 Rxa7 15.Nxe6 Bxe6
16.Bxg6 Bxb3 17.Qxb3 Ne5 18.Be4 Ng4 19.g3 Qc5 20.Qc2 Qh5 21.h4 Nf6 22.Bg2 b6
23.Rad1 Rc7 24.Qa4 a5 25.Qf4 Re7 26.Bf3 Rxe1+ 27.Rxe1 Qb5 28.Qd2 Re8 29.Rxe8+ Qxe8
30.Qd4 Qe6 31.a4 Qb3 32.Be2 Qe6 33.Bb5 Qe1+ 34.Kg2 Qe6 35.Qc4 Qe5 36.Qc8+ Kh7
37.Qc6 Nd5 38.Bd3+ g6 39.h5 Qxh5 40.Qd7 Kg7 41.Bc4  1-0

[Event "TCh-SWE 2011-12"]
[Site "Sweden SWE"]
[Date "2012.01.14"]
[Round "6"]
[White "Vas,P SWE"]
[Black "Brynell,S"]
[Result "0-1"]
[WhiteElo "2333"]
[BlackElo "2491"]

1.e4 e6 2.d4 d5 3.Nd2 Nc6 4.Ngf3 Nf6 5.e5 Nd7 6.c3 f6 7.exf6 Qxf6 8.Bb5 Bd6
9.O-O O-O 10.Qb3 Ne7 11.Bxd7 Bxd7 12.Re1 Ng6 13.Qc2 e5 14.Qb3 Kh8 15.dxe5 Nxe5
16.Rf1 Rae8 17.Qxb7 Bc6 18.Qxa7 d4 19.Qxd4 Bxf3 20.Nxf3 Nxf3+ 21.gxf3 Qxf3
22.Qd1 Re2 23.Bg5 Qh3  0-1

[Event "TCh-SWE 2011-12"]
[Site "Sweden SWE"]
[Date "2012.01.14"]
[Round "6"]
[White "Winsnes,R"]
[Black "Schneider,Stef"]
[Result "1/2-1/2"]
[WhiteElo "2409"]
[BlackElo "2351"]

1.e4 e6 2.d4 d5 3.Nd2 Be7 4.Ngf3 c5 5.Bd3 Nf6 6.e5 Nfd7 7.c3 Nc6 8.O-O a5
9.a4 Qb6 10.dxc5 Nxc5 11.Bc2 Qc7 12.Re1 Nd7 13.Qe2 b6 14.Nb3 Ba6 15.Qe3 h6
16.Nbd4 Bc5 17.h4 Rc8 18.Bb3 Bc4 19.Bc2 Ba6 20.Bb3 Bc4 21.Bc2 Ba6  1/2-1/2

[Event "TCh-AUT 2 Ost 2011-12"]
[Site "Vienna AUT"]
[Date "2012.01.14"]
[Round "5"]
[White "Kopinits,A"]
[Black "Fodor,T jr"]
[Result "0-1"]
[WhiteElo "2276"]
[BlackElo "2476"]

1.e4 e6 2.d4 d5 3.Nd2 Nc6 4.c3 e5 5.exd5 Qxd5 6.Ngf3 exd4 7.Bc4 Qh5 8.cxd4 Bd6
9.Ne4 Bb4+ 10.Bd2 Bxd2+ 11.Qxd2 Nge7 12.Qg5 Qxg5 13.Nexg5 f6 14.Ne6 Bxe6
15.Bxe6 Rd8 16.O-O-O Rd6 17.Rhe1 Kd8 18.a3 Nd5 19.Re4 Re8 20.Rde1 Re7 21.h4 g6
22.Bxd5 Rxd5 23.Re6 Rxe6 24.Rxe6 Nxd4 25.Nxd4 Rxd4 26.Rxf6 Ke7 27.Rf3 Rxh4
28.Kd2 Rh5 29.Re3+ Kd7 30.Rd3+ Ke6 31.Ke2 Rb5 32.b3 Rd5 33.Rc3 c6 34.Kf3 a5
35.g4 Rd4 36.a4 h5 37.gxh5 gxh5 38.Kg3 h4+ 39.Kh3 Kd5 40.f3 Rb4 41.Rd3+ Kc5
42.Rc3+ Kd4 43.Rc1 Rxb3 44.Rf1 Ke5 45.Kg4 Rb4+ 46.f4+ Kf6 47.Rh1 Rxa4 48.Rxh4 Rb4
49.Rh6+ Kg7 50.Rd6 a4 51.Kg5 a3 52.Rd7+ Kf8 53.Rd8+ Kf7 54.Ra8 Rb3 55.f5 c5
56.Ra4 Ke7 57.Re4+ Kf8 58.Rc4 a2 59.Ra4 Rb2 60.Kg6 Rb6+ 61.f6 Ra6 62.Rh4 Rxf6+  0-1

[Event "TCh-BEL 2011-12"]
[Site "Belgium BEL"]
[Date "2012.01.15"]
[Round "6.8"]
[White "Van Overdam,Jan"]
[Black "Lafosse,J"]
[Result "1-0"]
[WhiteElo "2072"]
[BlackElo "2058"]

1.e4 e6 2.d4 d5 3.Nd2 Nc6 4.Ngf3 Nf6 5.e5 Nd7 6.Bb5 a5 7.c3 Na7 8.Bd3 b6
9.O-O c5 10.a4 Be7 11.Ne1 Nc6 12.Nc2 Ba6 13.Bxa6 Rxa6 14.Qe2 Ra8 15.f4 g6
16.Nf3 Rc8 17.g4 h5 18.h3 hxg4 19.hxg4 Qc7 20.Bd2 cxd4 21.cxd4 g5 22.Rac1 gxf4
23.Bxf4 Rg8 24.Ne3 Bd8 25.Rc2 f5 26.Qh2 Nf8 27.Rfc1 fxg4 28.Qh5+ Rg6 29.Nh4 Bxh4
30.Rxc6  1-0

[Event "TCh-CZE Liga1 Vychod"]
[Site "Czech Rep CZE"]
[Date "2012.01.15"]
[Round "6"]
[White "Bazant,P jr"]
[Black "Firt,S"]
[Result "1/2-1/2"]
[WhiteElo "2370"]
[BlackElo "2294"]

1.e4 e6 2.d4 d5 3.Nd2 Be7 4.Bd3 c5 5.dxc5 Nf6 6.Qe2 Nc6 7.Ngf3 Bxc5 8.O-O a5
9.c3 a4 10.Ng5 h6 11.Ngf3 Qc7 12.b4 axb3 13.Nxb3 Nxe4 14.Bxe4 dxe4 15.Qxe4 Bd6
16.Nbd4 Nxd4 17.Qxd4 f6 18.Be3 e5 19.Qd5 Ra5 20.Qb3 Qf7 21.Rfd1 Qxb3 22.axb3 Rxa1
23.Rxa1 Ke7 24.Nd2 Be6 25.Ra7 Bd5 26.f3 Bb8 27.Ra8 Rc8 28.c4 Bc6 29.Kf1 b5
30.Ra5 bxc4 31.Nxc4 e4 32.f4 g5 33.g3 Rd8 34.Rc5 Be8 35.Nd2 Rd3 36.Kf2 gxf4
37.gxf4 Bd6 38.Ra5 Bc6 39.Rh5 Bb4 40.Ke2 Bxd2 41.Bxd2 Rxb3 42.Be3 Bb5+ 43.Kf2 Rb2+
44.Kg3 Bf1 45.f5 Rg2+ 46.Kf4 Be2 47.Bc5+ Kf7 48.Rxh6 Kg7 49.Rh4 Bf3 50.Rh3 Rg4+
51.Ke3  1/2-1/2

[Event "50th TCh-DEN XtraCon 2011-12"]
[Site "Denmark DEN"]
[Date "2012.01.15"]
[Round "5.5"]
[White "Bromann,T"]
[Black "Nielsen,LA"]
[Result "1-0"]
[WhiteElo "2385"]
[BlackElo "2259"]

1.e4 e6 2.d4 d5 3.Nd2 Nc6 4.Ngf3 Nf6 5.e5 Nd7 6.Be2 Be7 7.O-O b6 8.Re1 Bb7
9.Nf1 Nf8 10.Ne3 Qd7 11.a4 f5 12.exf6 gxf6 13.c3 Ng6 14.g3 O-O-O 15.b4 Rdg8
16.a5 h5 17.axb6 cxb6 18.Bb5 Qc7 19.Qa4 h4 20.Ng2 hxg3 21.fxg3 Bd6 22.Rxe6 Nd8
23.Rxd6 Qxd6 24.Qxa7 Qe6 25.Bd2 Qg4 26.Rf1 Rxh2 27.Nxh2 Qxg3 28.Rf3 Qd6 29.Ba6 Kc7
30.Bxb7 Nxb7 31.Qa1 Nh4 32.Rf2 f5 33.Qe1 Qg6 34.Qe7+  1-0

[Event "10th Parsvnath Open"]
[Site "New Delhi IND"]
[Date "2012.01.15"]
[Round "2"]
[White "Ram,G"]
[Black "Ravi,L"]
[Result "0-1"]
[WhiteElo "1978"]
[BlackElo "2347"]

1.e4 e6 2.d4 d5 3.Nd2 Be7 4.Ngf3 Nf6 5.Bd3 c5 6.e5 Nfd7 7.c3 b6 8.Qe2 a5
9.Bb5 Ba6 10.a4 O-O 11.O-O Qc8 12.b3 cxd4 13.Nxd4 Qxc3 14.N2f3 Qxa1 15.Bb2 Bxb5
16.axb5 Qa2 17.Ra1 Qxa1+ 18.Bxa1 a4 19.bxa4 Rc8 20.Nb3 Rxa4 21.Bd4 Nc5 22.Nfd2 Nxb3
23.Nxb3 Rb4 24.g3 Rxb3 25.Bxb6 Rc4 26.Qa2 Rxb5 27.Qa7 Rxb6 28.Qxb6 Nc6 29.Qc7 g5
30.h3 h5 31.f4 gxf4 32.gxf4 Bc5+ 33.Kg2 Be3 34.f5 Rc2+ 35.Kg3 Nd4 36.Qd8+ Kh7
37.Kh4 Rg2 38.fxe6 Nf5+ 39.Kxh5 Ng7+  0-1

[Event "10th Parsvnath Open"]
[Site "New Delhi IND"]
[Date "2012.01.15"]
[Round "2"]
[White "Pranavananda,V"]
[Black "Praveen Kumar,C1"]
[Result "0-1"]
[WhiteElo "1971"]
[BlackElo "2338"]

1.e4 e6 2.d4 d5 3.Nd2 Be7 4.Bd3 c5 5.dxc5 Nf6 6.Qe2 O-O 7.Ngf3 a5 8.O-O Na6
9.exd5 exd5 10.Nb3 a4 11.Nbd4 Nxc5 12.Bb5 a3 13.bxa3 Nce4 14.a4 Bg4 15.Bb2 Bc5
16.Qd3 Qc7 17.Rae1 Rac8 18.Nd2 Bh5 19.Nxe4 dxe4 20.Qb3 Bg6 21.h3 Rfd8 22.Ne2 e3
23.fxe3 Bxc2 24.Qc3 Qb6 25.Kh1 Bxe3 26.Qe5 Bd2 27.Bd4 Qd6 28.Ra1 Qxe5 29.Bxe5 Nd5
30.Nd4 Ne3 31.Rf2 Bc3 32.Nxc2 Bxe5 33.Re1 Bg3 34.Nxe3 Bxf2 35.Re2 Rc1+ 36.Kh2 Bg1+
37.Kg3 Rd3 38.Kf4 Rd4+ 39.Kf3 Rd6 40.Bc4 Rf6+ 41.Ke4 Bxe3 42.Rxe3 Rxc4+ 43.Kd3 Rc8
44.Re7 Rd6+ 45.Ke3 Re6+ 46.Rxe6 fxe6 47.Kd4 Kf7 48.g4 Kf6 49.h4 h5 50.gxh5 Kf5  0-1

[Event "10th Parsvnath Open"]
[Site "New Delhi IND"]
[Date "2012.01.16"]
[Round "3"]
[White "Oleksienko,M"]
[Black "Rajarishi,Karthi"]
[Result "1-0"]
[WhiteElo "2563"]
[BlackElo "1823"]

1.e4 e6 2.d4 d5 3.Nd2 Be7 4.e5 c5 5.c3 Nc6 6.Ndf3 g5 7.h3 h5 8.Bd3 Nh6 9.Ne2 Nf5
10.dxc5 Rg8 11.b4 g4 12.hxg4 hxg4 13.Nfd4 Nxe5 14.Bxf5 exf5 15.Ng3 Be6 16.Qe2 Qc7
17.Bf4 Bf6 18.Nh5 Ke7 19.Nb5 Qd7 20.Nxf6 Kxf6 21.Qxe5+ Ke7 22.Nd4 Kd8 23.O-O-O Rc8
24.Rh7 b6 25.Nxf5 Bxf5 26.Bg5+ Rxg5 27.Rh8+ Rg8 28.Rxg8+ Qe8 29.Rxe8+ Kd7
30.Qe7+ Kc6 31.a4 bxc5 32.Rxc8+ Bxc8 33.b5+ Kb6 34.Rxd5 c4 35.a5+ Kxa5 36.Qxa7+ Ba6
37.Qxa6+  1-0

[Event "10th Parsvnath Open"]
[Site "New Delhi IND"]
[Date "2012.01.17"]
[Round "4"]
[White "Ram,G"]
[Black "Saravana,Kr"]
[Result "0-1"]
[WhiteElo "1978"]
[BlackElo "2313"]

1.e4 e6 2.d4 d5 3.Nd2 Nc6 4.Ngf3 Nf6 5.e5 Nd7 6.c3 f6 7.exf6 Qxf6 8.Bb5 Bd6
9.Nf1 a6 10.Bg5 Qf7 11.Ba4 O-O 12.Be3 Nf6 13.Ng3 Ng4 14.Qe2 Nxe3 15.Qxe3 Bf4
16.Qd3 Bd7 17.Bc2 g6 18.O-O Rae8 19.Bb3 Na5 20.Rae1 Bb5 21.Qd1 Nxb3 22.Qxb3 Bc4
23.Qc2 Bxf1 24.Nxf1 g5 25.Ne5 Qf5 26.Qe2 Bxe5 27.dxe5 Qg6 28.Ne3 h5 29.b4 Re7
30.Nc2 Rf4 31.f3 Ref7 32.Nd4 g4 33.Kh1 h4 34.b5 axb5 35.Qxb5 c6 36.Qa5 gxf3
37.Nxf3 Rg7  0-1

[Event "10th Parsvnath Open"]
[Site "New Delhi IND"]
[Date "2012.01.17"]
[Round "5"]
[White "Saravana,Kr"]
[Black "Ulibin,M"]
[Result "1-0"]
[WhiteElo "2313"]
[BlackElo "2587"]

1.e4 e6 2.d4 d5 3.Nd2 a6 4.Ngf3 Nf6 5.Bd3 c5 6.exd5 Qxd5 7.O-O cxd4 8.Nb3 Nc6
9.Bg5 e5 10.Bxf6 gxf6 11.Nh4 Rg8 12.Nd2 f5 13.Qh5 Qd8 14.Nxf5 Qg5 15.Qxg5 Rxg5
16.Ng3 Be6 17.Nf3 Rg8 18.Bxh7 Rh8 19.Ng5 Bc4 20.Bd3 Bxd3 21.cxd3 Be7 22.N5e4 Nb4
23.f4 exf4 24.Nf5 Nc2 25.Rac1 Ne3 26.Rxf4 Nxf5 27.Rxf5 Rh6 28.Rc7 Rb8 29.g4 b5
30.Re5 Re6 31.Rxe6 fxe6 32.g5 e5 33.h4 Kf7 34.Kf2 Ke6 35.Rc6+ Kf7 36.h5 Rg8
37.g6+ Kg7 38.Rc7 Re8 39.Kg3  1-0

[Event "Queenstown Classic"]
[Site "Queenstown NZL"]
[Date "2012.01.17"]
[Round "3.5"]
[White "Zhao Jun"]
[Black "Garbett,P"]
[Result "1-0"]
[WhiteElo "2569"]
[BlackElo "2290"]

1.e4 e6 2.d4 d5 3.Nd2 Be7 4.Ngf3 Nf6 5.Bd3 c5 6.e5 Nfd7 7.c3 b6 8.O-O Ba6
9.Ne1 Bxd3 10.Nxd3 Nc6 11.Qg4 g6 12.Nf3 h5 13.Qf4 c4 14.Nde1 b5 15.Nc2 a5
16.h4 Nb6 17.Bd2 b4 18.b3 bxc3 19.Bxc3 Nb4 20.Bxb4 axb4 21.g3 Ra7 22.Qd2 Qc7
23.Nxb4 O-O 24.Nc2 Rfa8 25.Ne3 cxb3 26.Rac1 Qd7 27.axb3 Qb5 28.Rb1 Bb4 29.Qd1 Ra2
30.Ng2 Nc8 31.Ng5 Be7 32.Nf3 Bb4 33.Nf4 Ne7 34.Qd3 Qa6 35.Rfc1 Nf5 36.Rc7 Ra1
37.Rbc1 Qa3 38.Rxa1 Qxa1+ 39.Kg2 Rb8 40.Ne2 Qa3 41.Rc1 Bf8 42.Rb1 Rc8 43.Ne1 Qa2
44.b4 Rc4 45.b5 Nxd4 46.Nxd4 Rxd4 47.Qc2 Qa7 48.b6 Qb7 49.Nd3 Rc4 50.Qa2 Rc8
51.Qa7 Rb8 52.Rb5 Kg7 53.Nb4 Bxb4 54.Rxb4 d4+ 55.Qxb7 Rxb7 56.Kf3 f6 57.exf6+ Kxf6
58.Ke4 e5 59.Rb5 Kf7 60.Kd5 Rb8 61.b7 Kf6 62.Kc6 Kf5 63.f3  1-0

[Event "10th Parsvnath Open"]
[Site "New Delhi IND"]
[Date "2012.01.20"]
[Round "8.36"]
[White "Patil,Pr2"]
[Black "Praveen Kumar,C1"]
[Result "1/2-1/2"]
[WhiteElo "2193"]
[BlackElo "2338"]

1.e4 e6 2.d4 d5 3.Nd2 Be7 4.Bd3 c5 5.dxc5 Nf6 6.Qe2 Nc6 7.Ngf3 Nb4 8.Nb3 O-O
9.O-O a5 10.Bg5 b6 11.e5 Nd7 12.Bxe7 Qxe7 13.cxb6 Nxd3 14.cxd3 Qb4 15.Rfc1 Qxb6
16.d4 Ba6 17.Qd2 Rfb8 18.Nxa5 Qxb2 19.Nb3 Qa3 20.Qe3 Bc4 21.Nfd2 Nb6 22.Nxc4 dxc4
23.Nd2 Qa4 24.Ne4 Nd5 25.Qg3 Rb2 26.Nf6+ Kh8 27.Nh5 Rg8 28.h3 c3 29.Rxc3 Nxc3
30.Qxc3 Rxa2 31.Rxa2 Qxa2 32.Qe3 Qc2 33.Kh2 Rc8 34.Nf4 Rc3 35.Qe1 h6 36.d5 exd5
37.e6 fxe6 38.Qxe6 Rc8 39.Nxd5 Rf8 40.f4 Qf5 41.Qxf5 Rxf5 42.Ne7 Rf7 43.Nd5 Rd7
44.Ne3 Rd3 45.Ng4 Kg8 46.Ne5 Ra3 47.h4  1/2-1/2

[Event "10th Parsvnath Open"]
[Site "New Delhi IND"]
[Date "2012.01.21"]
[Round "9.42"]
[White "Rishi,T"]
[Black "Shreyans,K"]
[Result "0-1"]
[WhiteElo "2053"]
[BlackElo "2218"]

1.e4 e6 2.d4 d5 3.Nd2 a6 4.c3 c5 5.Ngf3 Nf6 6.exd5 exd5 7.dxc5 Bxc5 8.Nb3 Bb6
9.Nbd4 O-O 10.Be2 Nc6 11.h3 Re8 12.Be3 Ne4 13.Qd3 Qf6 14.O-O-O Nxd4 15.Nxd4 Nxf2
16.Bxf2 Qxf2 17.Bf3 Re5 18.Rd2 Qh4 19.Rf1 Qe7 20.Rdf2 Qg5+ 21.Rd2 Bd7 22.Bd1 Re3
23.h4 Qe7 24.Nf5 Bxf5 25.Qxf5 Re5 26.Qd3 Be3 27.Bc2 g6 28.Rd1 Qxh4 29.Kb1 Bxd2
30.Qxd2 Rae8 31.Bb3 Re1 32.Qxd5 Rxd1+ 33.Bxd1 Qe4+  0-1

[Event "15th Metropolitan IM"]
[Site "Los Angeles USA"]
[Date "2012.01.27"]
[Round "4"]
[White "Clawitter,C"]
[Black "Duckworth,W"]
[Result "1/2-1/2"]
[WhiteElo "2082"]
[BlackElo "2313"]

1.e4 e6 2.d4 d5 3.Nd2 Nc6 4.Ngf3 Nf6 5.e5 Ne4 6.c3 Nxd2 7.Bxd2 b6 8.Bb5 Bd7
9.Bd3 h6 10.h4 a5 11.b3 a4 12.b4 Na7 13.Qe2 c5 14.bxc5 bxc5 15.dxc5 Rb8 16.Nd4 Bxc5
17.Qg4 Bf8 18.h5 Qc7 19.O-O Rb2 20.Qf4 Be7 21.Nf3 O-O 22.Qg3 Kh8 23.Bxh6 gxh6
24.Qf4 Kg7 25.Qg3+ Kh8  1/2-1/2

[Event "17th HIT Open A"]
[Site "Nova Gorica SLO"]
[Date "2012.01.28"]
[Round "2"]
[White "Skok,J"]
[Black "Rozic,V"]
[Result "0-1"]
[WhiteElo "2019"]
[BlackElo "2258"]

1.e4 e6 2.d4 d5 3.Nd2 Nc6 4.c3 e5 5.Bb5 exd4 6.cxd4 dxe4 7.Nxe4 Bb4+ 8.Nc3 Ne7
9.Nf3 O-O 10.O-O Bg4 11.Be3 Nf5 12.h3 Bxf3 13.Qxf3 Nfxd4 14.Qe4 Bxc3 15.Rad1 Re8
16.Qb1 Qd5 17.bxc3 Qxb5 18.cxd4 Qa6 19.Rc1 Rac8 20.Rfd1 h6 21.Rd2 Ne7 22.d5 b6
23.Bf4 Qb7 24.Qb5 Red8 25.Rcd1 a6 26.Qc4 Rd7 27.Bxh6 Ng6 28.Bg5 Rd6 29.Qe4 Qa8
30.h4 Re8 31.Qc2 Qc8 32.h5 Ne5 33.Bf4 Qg4 34.Bxe5 Rxe5 35.Qxc7 Rg5 36.f3 Qg3
37.Qc8+ Kh7 38.Qxa6 Rxh5 39.Qd3+ Rg6 40.Rf2 Qh2+ 41.Kf1 Re5 42.Qxg6+ Kxg6
43.Rfd2 Re7 44.d6 Rd7 45.Rd4 f6 46.Kf2 Kf7 47.a4 Qe5 48.R1d2 Qc5 49.Kg3 g5
50.Rd5 Qg1 51.Rd1 Qe3 52.R5d3 Qf4+ 53.Kf2 Qxa4 54.Re1 Qb4 55.Red1 Qc5+ 56.Kg3 b5
57.Rd5 Qc6 58.R5d4 Qc3 59.R4d3 Qe5+ 60.Kf2 Qc5+ 61.Kg3 b4 62.Rd5 Qb6 63.R5d3 b3
64.Rb1 b2 65.Rd2 Qb4 66.Rbxb2 Qh4+  0-1

[Event "Gibraltar Open"]
[Site "Caleta ENG"]
[Date "2012.01.29"]
[Round "6.95"]
[White "Nwachukwu,Chino"]
[Black "Seyfried,C"]
[Result "0-1"]
[WhiteElo "1926"]
[BlackElo "2141"]

1.e4 e6 2.d4 d5 3.Nd2 Nc6 4.Bb5 Nf6 5.e5 Nd7 6.Ngf3 f6 7.exf6 Qxf6 8.Nb3 Bd6
9.O-O O-O 10.Bg5 Qg6 11.Bh4 e5 12.dxe5 Ndxe5 13.Nxe5 Nxe5 14.Bg3 c6 15.Be2 Bd7
16.c3 Qf6 17.Nd4 Rae8 18.a4 Re7 19.b4 Rfe8 20.Qd2 Nf7 21.Bxd6 Nxd6 22.Bd3 Ne4
23.Bxe4 Rxe4 24.Rae1 b6 25.Rxe4 Rxe4 26.f3 Re5 27.Re1 Qe7 28.Rxe5 Qxe5 29.g3 Kf7
30.Kf2 Ke7 31.Ne2 c5 32.bxc5 bxc5 33.a5 Bc6 34.Qd3 h6 35.Nf4 Kd6 36.Qb1 Qe8
37.Qf5 Qe7 38.Qc8 g5 39.Qb8+ Qc7 40.Qf8+ Qe7 41.Qxh6+ Kd7 42.Nd3 d4 43.cxd4 cxd4
44.Qh3+ Kc7 45.Qf5 Qe3+ 46.Kg2 Qe2+ 47.Nf2 Bb5 48.Qh7+ Kc6 49.Qe4+ Kc5 50.Qxe2 Bxe2
51.Ne4+ Kb4 52.Nxg5 Kxa5 53.h4 Kb4 54.Kf2 Bd3 55.Ne4 a5 56.h5 a4 57.h6 Bxe4
58.fxe4 a3 59.h7 a2 60.h8=Q a1=Q 61.Qb8+ Kc3 62.Qc8+ Kd2 63.Qf5 Qe1+ 64.Kg2 d3
65.e5 Qe2+ 66.Kh3 Ke1 67.Kh4 d2 68.Kg5 d1=Q 69.Kf6 Qd8+ 70.Kg6 Qe8+ 71.Kf6 Qf8+
72.Kg6 Qxf5+ 73.Kxf5 Qf3+ 74.Kg5 Qxg3+ 75.Kf6 Qf4+ 76.Ke6 Ke2  0-1

[Event "TCh-CZE Liga1 Vychod"]
[Site "Czech Rep CZE"]
[Date "2012.01.29"]
[Round "7"]
[White "Kratochvil,Jo"]
[Black "Sevcik,V"]
[Result "0-1"]
[WhiteElo "2233"]
[BlackElo "2247"]

1.e4 e6 2.d4 d5 3.Nd2 Be7 4.Bd3 c5 5.dxc5 Nf6 6.Qe2 O-O 7.Ngf3 a5 8.c4 dxe4
9.Nxe4 Nxe4 10.Bxe4 f5 11.Bc2 Nc6 12.Bf4 Bxc5 13.O-O Qf6 14.b3 Nd4 15.Nxd4 Bxd4
16.Rae1 Ra6 17.Be5 Bxe5 18.Qxe5 Qxe5 19.Rxe5 Rd8 20.Bd1 Rd2 21.Bf3 a4 22.Rc5 Bd7
23.bxa4 Bc6 24.Rb1 Rxa2 25.h4 R2xa4 26.Kh2 Kf8 27.Kg3 Ke7 28.Bxc6 bxc6 29.Re1 R4a5
30.Rce5 Rxe5 31.Rxe5 Ra4 32.c5 Rd4 33.Kh3 Kf6 34.Re2 Rc4 35.f3 Rxc5 36.g4 fxg4+
37.fxg4 Rc3+ 38.Kg2 c5 39.Ra2 c4 40.Ra7 h6 41.g5+ hxg5 42.hxg5+ Kxg5 43.Rxg7+ Kf4
44.Kf2 Rc2+ 45.Ke1 Ke4 46.Kd1 Rh2 47.Rg4+ Kd5 48.Rg5+ e5 49.Rg4 e4 50.Rg5+ Kd4
51.Rg3 e3 52.Rg8 Rd2+ 53.Ke1 c3 54.Rd8+ Ke4 55.Re8+ Kf4 56.Rf8+ Kg5 57.Rg8+ Kf6
58.Rc8 c2 59.Rc3 Rd1+  0-1

[Event "Moscow Open Women 2012"]
[Site "Moscow RUS"]
[Date "2012.01.29"]
[Round "2.9"]
[White "Kineva,E"]
[Black "Grabuzova,T"]
[Result "1-0"]
[WhiteElo "2096"]
[BlackElo "2340"]

1.e4 e6 2.d4 d5 3.Nd2 a6 4.Ngf3 c5 5.dxc5 Bxc5 6.Bd3 Nc6 7.O-O Nge7 8.c3 O-O
9.Re1 Ng6 10.Nb3 Be7 11.e5 Qc7 12.Qe2 f6 13.Bxg6 hxg6 14.Bf4 Qd8 15.Rad1 g5
16.exf6 gxf6 17.Bg3 e5 18.Qc2 Kg7 19.h4 gxh4 20.Nxh4 f5 21.Nf3 f4 22.Bh2 Bg4
23.Nxe5 Nxe5 24.Rxe5 Bxd1 25.Qxd1 Qd7 26.Nd4 Rf7 27.Ne6+ Kf6 28.Qh5  1-0

[Event "Moscow Open A 2012"]
[Site "Moscow RUS"]
[Date "2012.01.29"]
[Round "2"]
[White "Ni Hua"]
[Black "Cori,J"]
[Result "1-0"]
[WhiteElo "2641"]
[BlackElo "2489"]

1.e4 e6 2.d4 d5 3.Nd2 Nc6 4.Ngf3 Nf6 5.e5 Nd7 6.Nb3 a5 7.a4 b6 8.Bb5 Na7
9.Be2 c5 10.c3 Be7 11.h4 h6 12.Rh3 Nc6 13.h5 Ba6 14.Bxa6 Rxa6 15.Rg3 Bf8
16.Qe2 Ra7 17.Kf1 Qc8 18.Kg1 Qa6 19.Qd1 Rc7 20.Be3 Rb7 21.Nh4 c4 22.Nd2 b5
23.f4 bxa4 24.f5 Ne7 25.fxe6 Qxe6 26.Rxa4 Nc6 27.Qf3 Rxb2 28.Ng6 fxg6 29.Rxg6 Qf7
30.Qxf7+ Kxf7 31.Rxc6 Rb6 32.Rc7 Ke6 33.Rxa5 Nb8  1-0

[Event "34th Tringov Memorial"]
[Site "Plovdiv BUL"]
[Date "2012.01.29"]
[Round "1.16"]
[White "Deloudis,Georgios"]
[Black "Smith,Bry"]
[Result "0-1"]
[WhiteElo "1793"]
[BlackElo "2460"]

1.e4 e6 2.d4 d5 3.Nd2 Nc6 4.Bb5 Nf6 5.Bxc6+ bxc6 6.e5 Nd7 7.Ne2 c5 8.c3 Be7
9.O-O O-O 10.Nf3 a5 11.Re1 Ba6 12.Be3 cxd4 13.Nexd4 Nb8 14.Qd2 c5 15.Ne2 Nc6
16.Ng3 Rb8 17.Nh5 Kh8 18.Bg5 Bxg5 19.Nxg5 Bd3 20.f4 c4 21.Kh1 Qb6 22.b3 Bg6
23.f5 Bxh5 24.f6 gxf6 25.exf6 d4 26.Nxe6 fxe6 27.Qh6 Qc7 28.Qxh5 Rxf6 29.cxd4 Nxd4
30.bxc4 Rbf8  0-1

[Event "85th ch-St Petersburg SF"]
[Site "St Petersburg RUS"]
[Date "2012.01.29"]
[Round "2.8"]
[White "Donskov,Ana"]
[Black "Serov,M"]
[Result "1-0"]
[WhiteElo "2306"]
[BlackElo "2397"]

1.e4 e6 2.d4 d5 3.Nd2 a6 4.Ngf3 c5 5.exd5 exd5 6.Be2 c4 7.b3 cxb3 8.axb3 Bd6
9.O-O Ne7 10.Re1 Nbc6 11.Nf1 Bf5 12.Ne3 Be4 13.Ng5 Bg6 14.c3 O-O 15.Ba3 Bxa3
16.Rxa3 Nf5 17.Nxf5 Bxf5 18.Nf3 Re8 19.Qd2 Qf6 20.Raa1 Be4 21.Ng5 Bf5 22.f4 Ne7
23.Nf3 Qd6 24.g3 Be4 25.Ng5 Rac8 26.Bd3 Bxd3 27.Qxd3 Qg6 28.Qxg6 hxg6 29.Rac1 Nf5
30.Rxe8+ Rxe8 31.Kf2 f6 32.Nf3 Nd6 33.Nd2 Nb5 34.Nf3 Re4 35.Ne1 Kf7 36.Ng2 Ke6
37.Ne3 Kd6 38.Ke2 f5 39.Kd3 a5 40.Nf1 g5 41.Nd2 gxf4 42.Nxe4+ dxe4+ 43.Kd2 f3
44.Ke3 Nc7 45.c4 g6 46.g4 Ne8 47.Rg1 Nf6 48.gxf5 gxf5 49.h3 Ke6 50.Rg5 b6
51.Rg7 b5 52.Rb7 f4+ 53.Kf2 bxc4 54.bxc4 Nh5 55.Rb6+ Ke7 56.Rb1 Ng3 57.c5 Ne2
58.d5 Nd4 59.Rb7+ Kd8 60.Rb8+ Kc7 61.Re8 e3+ 62.Kf1 Ne2 63.d6+ Kd7 64.Re7+ Kd8
65.c6 Ng3+ 66.Kg1 f2+ 67.Kh2 f1=Q 68.c7+ Kc8 69.Re8+ Kd7 70.c8=Q+ Kxd6 71.Re6+ Kd5
72.Qc6+ Kd4 73.Rd6+  1-0